"Identität und Verständigung" und "Bildende Kraft des Religionsunterrichts": zum Vergleich von EKD-Denkschrift und Bischofswort aus evangelischer Sicht

Saved in:  
Bibliographic Details
Main Author: Schweitzer, Friedrich 1954- (Author)
Format: Print Article
Language:German
Check availability: HBZ Gateway
Interlibrary Loan:Interlibrary Loan for the Fachinformationsdienste (Specialized Information Services in Germany)
Published: 1997
In: Religionsunterricht an höheren Schulen
Year: 1997, Volume: 40, Issue: 4, Pages: 223-231
Standardized Subjects / Keyword chains:B Religious instruction / Confessionality / Ecumene
IxTheo Classification:KDB Roman Catholic Church
KDD Protestant Church
KDJ Ecumenism
RF Christian education; catechetics
Online Access: Volltext (kostenfrei)
Volltext (kostenfrei)
Rights Information:InC 1.0

MARC

LEADER 00000caa a2200000 c 4500
001 1662221894
003 DE-627
005 20240731141941.0
007 tu
008 071112s1997 xx ||||| 00| ||ger c
035 |a (DE-627)1662221894 
035 |a (DE-576)273996932 
035 |a (DE-599)BSZ273996932 
040 |a DE-627  |b ger  |c DE-627  |e rakwb 
041 |a ger 
084 |a 1  |2 ssgn 
100 1 |e VerfasserIn  |0 (DE-588)124919332  |0 (DE-627)368074331  |0 (DE-576)163012210  |4 aut  |a Schweitzer, Friedrich  |d 1954- 
109 |a Schweitzer, Friedrich 1954-  |a Schweitzer, F. 1954-  |a Swibaich'yŏ, P'ŭrit'ŭrihi 1954-  |a Shuvaitsā, F. 1954- 
245 1 0 |a "Identität und Verständigung" und "Bildende Kraft des Religionsunterrichts"  |b zum Vergleich von EKD-Denkschrift und Bischofswort aus evangelischer Sicht  |c Friedrich Schweitzer 
264 1 |c 1997 
336 |a Text  |b txt  |2 rdacontent 
337 |a ohne Hilfsmittel zu benutzen  |b n  |2 rdamedia 
338 |a Band  |b nc  |2 rdacarrier 
540 |q DE-Tue135  |a Urheberrechtsschutz 1.0  |2 rs  |u http://rightsstatements.org/vocab/InC/1.0/ 
601 |a Identität 
601 |a Verständigung 
601 |a Vergleich 
601 |a Evangeliar 
652 |a KDB:KDD:KDJ:RF 
689 0 0 |d s  |0 (DE-588)4049422-6  |0 (DE-627)106187074  |0 (DE-576)209081996  |2 gnd  |a Religionsunterricht 
689 0 1 |d s  |0 (DE-588)4164948-5  |0 (DE-627)104269758  |0 (DE-576)209892099  |2 gnd  |a Konfessionalität 
689 0 2 |d s  |0 (DE-588)4138445-3  |0 (DE-627)105642592  |0 (DE-576)20968609X  |2 gnd  |a Ökumene 
689 0 |5 (DE-627) 
773 0 8 |i In  |t Religionsunterricht an höheren Schulen  |d München : Oldenbourg Schulbuchverl., 1958  |g 40(1997), 4, Seite 223-231  |w (DE-627)129477672  |w (DE-600)203778-6  |w (DE-576)014858274  |x 0341-8960  |7 nnas 
773 1 8 |g volume:40  |g year:1997  |g number:4  |g pages:223-231 
776 1 |o 10.15496/publikation-96957 
856 4 1 |u http://hdl.handle.net/10900/155624  |x Resolving-System  |x Digitalisierung  |z kostenfrei  |3 Volltext  |7 0 
856 4 1 |u http://dx.doi.org/10.15496/publikation-96957  |x Resolving-System  |x Digitalisierung  |z kostenfrei  |3 Volltext  |7 0 
935 |a mteo 
951 |a AR 
ELC |b 1 
ITA |a 1 
LOK |0 000 xxxxxcx a22 zn 4500 
LOK |0 001 3416049675 
LOK |0 003 DE-627 
LOK |0 004 1662221894 
LOK |0 005 20071112090903 
LOK |0 008 071112||||||||||||||||ger||||||| 
LOK |0 040   |a DE-21-35  |c DE-627  |d DE-21-35 
LOK |0 852   |a DE-21-35 
LOK |0 852 1  |c Zk 129-40  |m p  |9 00 
LOK |0 935   |a kneu 
LOK |0 938   |k p 
LOK |0 939   |a 12-11-07  |b l01 
LOK |0 000 xxxxxcx a22 zn 4500 
LOK |0 001 3416049683 
LOK |0 003 DE-627 
LOK |0 004 1662221894 
LOK |0 005 20230403135250 
LOK |0 008 160404||||||||||||||||ger||||||| 
LOK |0 040   |a DE-Tue135  |c DE-627  |d DE-Tue135 
LOK |0 092   |o n 
LOK |0 852   |a DE-Tue135 
LOK |0 852 1  |9 00 
LOK |0 866   |x #301 
LOK |0 935   |a ixzs  |a ixmi  |a ixzw 
LOK |0 936ln  |0 1442053151  |a RF 
LOK |0 936ln  |0 1442049839  |a KDB 
LOK |0 936ln  |0 1442050047  |a KDD 
LOK |0 936ln  |0 1442050608  |a KDJ 
LOK |0 939   |a 04-04-16  |b l01 
OAS |a 1 
ORI |a SA-MARC-ixtheoa001.raw 
STA 0 0 |a Confessionality,Ecumene,Ecumene,Interconfessional dialog,Religious instruction,Religious didactics,Religion teaching,Religion 
STB 0 0 |a Confessionnalité,Enseignement de la religion,Œcuménisme,Œcuménisme 
STC 0 0 |a Confesionalidad,Ecumenismo,Ecumenismo,Enseñanza religiosa 
STD 0 0 |a Confessionalità,Ecumenismo,Ecumenismo,Insegnamento della religione,Lezione di religione,Religione (materia),Lezione di religione,Religione 
STE 0 0 |a 信条性,宗教课程,宗教课,宗教教学,普世教会合一 
STF 0 0 |a 信條性,宗教課程,宗教課,宗教教學,普世教會合一 
STG 0 0 |a Confessionalidade,Ecumenismo,Ecumenismo,Ensino religioso 
STH 0 0 |a Конфессиональность,Преподавание религии,Экуменизм (мотив),Экуменизм 
STI 0 0 |a Θρησκευτικά (μάθημα),Οικουμενισμός (μοτίβο),Οικουμενισμός,Ομολογία (θρησκεία) 
SYG 0 0 |a Glaubensunterweisung,Religionsdidaktik,Religionslehre